Responses for Show #981 - Monday, December 5, 1988

Contestants

[<< previous game]

Kate Lanes, a U.S. Navy officer originally from Tucson, Arizona

Mark Jennings, a minister from Ashland, Kansas

Jack Lechner, a freelance writer originally from Arlington, Virginia (whose 3-day cash winnings total $24,701)

[next game >>]

Jeopardy! Round responses

1988
FOOD
TV TRIVIA
BIBLICAL ZOO
SINGERS & DANCERS
"SAN" CITIES
    $100 14
(Mark: What is a mule?)

a mouse

Mark
Triple Stumper
    $100 23
spinach

Jack
    $100 1
a mouth

Jack
    $100 30
a fox

Mark
    $100 9
Barbara Whiting (or Margaret Whiting)

Triple Stumper
    $100 6
San Diego

Kate
    $200 15
caviar

Jack
    $200 24
eggs Benedict

Jack
    $200 2
It Takes a Thief

Jack
    $200 28
a sheep

Jack
    $200 10
Crystal Gayle

Jack
    $200 7
San Clemente

Jack
    $300 16
"Wrong Way" Corrigan

Jack
    $300 25
a nectarine

Jack
    $300 3
St. Elsewhere

Jack
    $300 5
the cock crow

Kate
    $300 11
Patrick Swayze

Jack
    $300 19
San Juan Capistrano

Mark
    $400 17
President (or General) Suharto

Triple Stumper
    $400 26
a Rome

Mark
    $400 4
Mike Wallace

Mark
    $400 20
the serpent

Jack
    $400 12
Gypsy

Jack
    $400 21
San Jose

Kate
    $800 18
Tony Orlando and Dawn

Jack
    $500 29
(Jack: What are tomato & vegetable?)

(2 of) tomato, chicken noodle & chicken mushroom

JackKate
    $500 8
Entertainment Tonight

Jack
    $500 27
(Jack: What is vermin?)

(Mark: What is locusts?)

(Alex: Less than a minute to go.)

the frogs

JackMark
Triple Stumper
    $500 13
Ann Miller

Jack
    $500 22
San Antonio

Kate

Scores at the first commercial break (after clue 16):

Jack Mark Kate
$3,200 $300 $400

Scores at the end of the Jeopardy! Round:

Jack Mark Kate
$4,200 $600 $1,800

Double Jeopardy! Round responses

1ST NOVELS
AMERICAN RIVERS
FAMOUS NAMES
QUOTES
THE CRUSADES
GLASS
    $200 4
Oscar Wilde

Jack
    $200 22
the Rio Grande

Kate
    $200 9
Sigmund Freud

Mark
    $200 16
acting

Jack
    $200 11
Islam

Jack
    $200 28
fiberglass

Jack
    $400 5
Herman Melville

Jack
    $400 1
the Mississippi & the Missouri

Mark
    $400 12
John Paul Jones

Jack
    $400 17
the past

Mark
    $400 18
the papacy

Mark
    $400 29
(laminated) safety glass

Kate
    $600 6
(Jack: Who was Johanna Weiss?)

Mary Mapes Dodge

Jack
Triple Stumper
    $900 2
the Connecticut River

Mark
    $600 13
Marie Antoinette

Jack
    $600 23
Gandhi

Jack
    $600 19
cross

Mark
    $600 26
a fob

Mark
    $800 7
James Jones

Jack
    $800 3
Spoon River

Jack
    $800 14
Peter Minuit

Jack
    $800 24
Elizabeth I

Jack
    $2,000 20
the discovery of America

Mark
    $800 27
Steuben

Jack
    $1000 8
Mark Twain

Jack
    $1000 10
Colorado

Mark
    $1000 15
Edward Jenner

Jack
    $1000 25
liberté, égalité, fraternité

Kate
    $1000 21
the Children's Crusade

Mark
    $1000 30
Orrefors

Kate

Scores at the end of the Double Jeopardy! Round:

Jack Mark Kate
$12,400 $8,100 $4,400

[wagering suggestions for these scores]

Final Jeopardy! Round responses

U.S. LANDMARKS
KateWhat is
$4,300
MarkWhat is the ?
$8,100
JackWhat is the Pentagon
$3,801
the Lincoln Memorial

Final scores:

Jack Mark Kate
$8,599 $0 $100
4-day champion: $33,300 3rd place: The Maxx vehicle security system 2nd place: Trip for 2 to Hawaii & a week at a resort hotel

Game dynamics:

Coryat scores:

Jack Mark Kate
$12,100 $6,600 $4,400
32 R
(including 1 DD),
3 W
14 R
(including 2 DDs),
2 W
9 R,
0 W

Combined Coryat: $23,100

[game clues] [game scores] [suggest correction]

Game tape date: 1988-09-26
The J! Archive is created by fans, for fans. Scraping, republication, monetization, and malicious use prohibited; this site may use cookies and collect identifying information. See terms. The Jeopardy! game show and all elements thereof, including but not limited to copyright and trademark thereto, are the property of Jeopardy Productions, Inc. and are protected under law. This website is not affiliated with, sponsored by, or operated by Jeopardy Productions, Inc. Join the discussion at JBoard.tv.